[Event "Victoria British Columbia-Washington m"]
[Site "Victoria"]
[Date "2019.01.19"]
[Round "2.6"]
[White "Setiadikurnia, Sloan Christopher"]
[Black "Wu, Howard"]
[Result "0-1"]
[WhiteElo "2101"]
[BlackElo "2176"]
[PlyCount "105"]
[EventDate "2019.01.18"]
[EventType "team"]
[EventRounds "5"]
[EventCountry "CAN"]
[SourceTitle "EXT 2022"]
[Source "ChessBase"]
[SourceDate "2021.10.06"]
[SourceVersion "1"]
[SourceVersionDate "2021.10.06"]
[SourceQuality "1"]
[WhiteTeam "WA"]
[BlackTeam "BC"]
[WhiteTeamCountry "CAN"]
[BlackTeamCountry "CAN"]

1. c4 Nf6 2. g3 g6 3. Bg2 Bg7 4. e4 d6 5. Nc3 0-0 6. Nge2 c5 7. 0-0 Nc6 8. d3 Bd7 9. h3 a6 10. Be3 Rb8 11. a4 Ne8 12. d4 cxd4 13. Nxd4 Nc7 14. Nd5 Ne6 15. Ne2 Bxb2 16. Rb1 Bg7 17. Nb6 Bc8 18. f4 Nc5 19. Qd2 f5 20. Nxc8 Rxc8 21. Bxc5 dxc5 22. Qxd8 Rfxd8 23. exf5 Rd2 24. Rfe1 Nb4 25. Rbd1 Ra2 26. fxg6 hxg6 27. Bxb7 Rc7 28. Be4 Kf7 29. Kf2 Bc3 30. Rf1 Bf6 31. Kf3 Rxa4 32. Rde1 Ra3+ 33. Kg4 Re3 34. Bb1 Rc6 35. f5 g5 36. Rf3 Rxf3 37. Kxf3 a5 38. Nc1 a4 39. Na2 Rb6 40. Nc1 Bc3 41. Rd1 a3 42. Kg4 Bf6 43. h4 gxh4 44. gxh4 Bb2 45. Na2 Nc6 46. Kf4 Nd4 47. Rh1 Bc1+ 48. Kg4 Rxb1 49. Rxc1 Rb2 50. Nc3 Nb3 51. Rh1 a2 52. Nxa2 Rxa2 53. Kg5 0-1

[Event "Victoria British Columbia-Washington m"]
[Site "Victoria"]
[Date "2019.01.18"]
[Round "1.1"]
[White "Sohal, Tanraj"]
[Black "Setiadikurnia, Sloan Christopher"]
[Result "1/2-1/2"]
[WhiteElo "2387"]
[BlackElo "2101"]
[PlyCount "65"]
[EventDate "2019.01.18"]
[EventType "team"]
[EventRounds "5"]
[EventCountry "CAN"]
[SourceTitle "EXT 2022"]
[Source "ChessBase"]
[SourceDate "2021.10.06"]
[SourceVersion "1"]
[SourceVersionDate "2021.10.06"]
[SourceQuality "1"]
[WhiteTeam "BC"]
[BlackTeam "WA"]
[WhiteTeamCountry "CAN"]
[BlackTeamCountry "CAN"]

1. d4 Nf6 2. c4 e6 3. Nf3 d5 4. Nc3 c6 5. Qb3 Nbd7 6. Bg5 h6 7. Bh4 dxc4 8. Qxc4 Qb6 9. 0-0-0 Qb4 10. e3 a6 11. Nd2 a5 12. Be2 Qxc4 13. Nxc4 b5 14. Nd2 Bb7 15. Kb1 Be7 16. Bf3 Nd5 17. Nxd5 cxd5 18. Bg3 Nb6 19. Be2 Ba6 20. Bc7 Bd8 21. Bxd8 Kxd8 22. Nb3 b4 23. Bf3 Nc4 24. Nc5 Bb5 25. Rhe1 Kc7 26. Be2 Nd6 27. Bf3 Rhc8 28. Rc1 Kb6 29. Rc2 Rc7 30. Rec1 Rac8 31. h3 Ka7 32. Ka1 Nb7 33. Bd1 1/2-1/2

[Event "British Columbia-Washington m-B"]
[Site "Victoria"]
[Date "2018.01.13"]
[Round "2"]
[White "Setiadikurnia, Sloan Christopher"]
[Black "Doknjas, Neil"]
[Result "1-0"]
[WhiteElo "1981"]
[BlackElo "1914"]
[PlyCount "111"]
[EventDate "2018.01.12"]
[EventType "team"]
[EventRounds "5"]
[EventCountry "CAN"]
[SourceTitle "EXT 2022"]
[Source "ChessBase"]
[SourceDate "2021.10.06"]
[SourceVersion "1"]
[SourceVersionDate "2021.10.06"]
[SourceQuality "1"]

1. e4 c5 2. Nf3 d6 3. d4 cxd4 4. Nxd4 Nf6 5. Nc3 a6 6. Be3 e5 7. Nb3 Be6 8. h3 h5 9. f4 g6 10. fxe5 dxe5 11. Qxd8+ Kxd8 12. 0-0-0+ Nbd7 13. Nc5 Bxc5 14. Bxc5 Kc7 15. Be3 Kc6 16. g3 b5 17. Bg2 Nc5 18. Nd5 Bxd5 19. exd5+ Kd6 20. Bxc5+ Kxc5 21. Rhf1 Nd7 22. Rxf7 Kd6 23. Be4 Rhg8 24. Rdf1 Raf8 25. Kd2 g5 26. Ke3 g4 27. hxg4 hxg4 28. Rxf8 Rxf8 29. Rxf8 Nxf8 30. Bf5 Kxd5 31. Bxg4 Nh7 32. Bf3+ Ke6 33. b4 Ng5 34. Bc6 Nf7 35. a4 Nd6 36. axb5 axb5 37. g4 Kf6 38. Bd7 Ke7 39. Bf5 Kf6 40. Bd3 Kg5 41. Bxb5 Nxb5 42. c4 Na7 43. Ke4 Kf6 44. b5 Ke6 45. g5 Nc8 46. c5 Ne7 47. b6 Kd7 48. Kxe5 Kc6 49. Ke6 Ng6 50. Kf6 Nf8 51. g6 Nd7+ 52. Ke7 Ne5 53. g7 Ng6+ 54. Kf6 Nf4 55. g8Q Nd5+ 56. Qxd5+ 1-0